00432nam a2200181Ia 4500003000400000005001700004008004100021020001500062040000700077041000800084082001500092100002100107245003600128260004000164300001600204365001400220650001600234OSt20230620095259.0210423s1999 xx 000 0 und d a8122414427 cAL aeng a589.9 DALJ aDALE (Jeremy W). aMolecular genetics of bacteria. aChichesterbJohn Wiley & Sonsc1999 axii,310bPB b2565cINR aThallophyta